LEADER 01330nam0-22004211i-450- 001 990002409460203316 005 20090313141440.0 010 $a0-8018-2819-8 035 $a000240946 035 $aUSA01000240946 035 $a(ALEPH)000240946USA01 035 $a000240946 100 $a20050322h1993----km-y0itay50------ba 101 0 $aeng 102 $aUS 105 $a||||||||001yy 200 1 $aCollective action$fRussell Hardin 210 $aBaltimore [etc.]$cpublished for Resources for the future by the Johns Hopkins University Press$d1993 215 $aXVI, 248 p.$d23 cm 410 0$12001 461 1$1001-------$12001 606 0 $aScelte sociali 676 $a302.13 700 1$aHARDIN,$bRussell$0265669 912 $a990002409460203316 951 $a302.13 HAR 1 (IEP VIII 1617)$b46710 G.$cIEP VIII$d00129188 959 $aBK 969 $aECO 979 $aPATRY$b90$c20050322$lUSA01$h1747 979 $aPECORARO$b90$c20050808$lUSA01$h1255 979 $aPECORARO$b90$c20050808$lUSA01$h1255 979 $aPECORARO$b90$c20050808$lUSA01$h1417 979 $aPECORARO$b90$c20050809$lUSA01$h1800 979 $aRSIAV3$b90$c20090313$lUSA01$h1410 979 $aRSIAV3$b90$c20090313$lUSA01$h1413 979 $aRSIAV3$b90$c20090313$lUSA01$h1414 996 $aCollective Action$9694542 997 $aUNISA LEADER 01156nam--2200337---450- 001 990006040530203316 005 20150520131108.0 035 $a000604053 035 $aUSA01000604053 035 $a(ALEPH)000604053USA01 035 $a000604053 100 $a20150520d--------km-y0itay50------ba 101 $aita 102 $aIT 105 $a||||||||001yy 200 1 $aVescovi, conti e sovrani nella crisi del Regno italico$ericerche sull'aristocrazia carolingia in Italia, III$fPaolo Delogu 210 $aMilano$cGiuffrè$d[s.d.] 215 $a72 p.$d24 cm 300 $aGià pubblicato in: Annali della Scuola Speciale per Archivisti e Bibliotecari dell'Università di Roma, 8 (1968), n. 1-2 606 0 $aAristocrazia$yItalia$zSec. 9.$2BNCF 676 $a945.02 700 1$aDELOGU,$bPaolo$0173756 801 0$aIT$bsalbc$gISBD 912 $a990006040530203316 951 $aFC.OE. 292$b358 FCil$cFC.OE.$d376087 959 $aBK 969 $aFCIL 979 $aGENEROSO$b90$c20150520$lUSA01$h1310 979 $aGENEROSO$b90$c20150520$lUSA01$h1311 996 $aVescovi, conti e sovrani nella crisi del Regno italico$91075979 997 $aUNISA LEADER 01036nam2-2200313---450 001 990005715650403321 005 20251120105021.0 035 $a000571565 035 $aFED01000571565 035 $a(Aleph)000571565FED01 100 $a19990604d1923----km-y0itay50------ba 101 0 $aita$alat 102 $aIT 105 $ayf------001yy 200 1 $a<<9.1.: I >>documenti storici di Corato, 1046-1327$fper Giovanni Beltrani 210 $aBari$c[V. Vecchi]$d1923 215 $aLIV, 306 p.$c4 c. di tav.$d31 cm 461 0$1001000571494$12001$aCodice diplomatico barese$fedito a cura della Commissione Provinciale di Archeologia e Storia Patria$v9.1 610 0 $aPuglia$aStoria$aFonti archivistiche$aSec. 11.-14. 676 $a091 676 $a945.751 702 1$aBeltrani,$bGiovanni$f<1848-1932> 801 0$aIT$bUNINA$gRICA$2UNIMARC 901 $aBK 912 $a990005715650403321 952 $a7/III F 51$bbibl.18992$fFLFBC 959 $aFLFBC 996 $aDocumenti storici di Corato, 1046-1327$9574261 997 $aUNINA